000
00341nam a22001457a 4500
008
230616b ||||| |||| 00| 0 eng d
020
_a
978316749842
041
_a
eng
080
_a
616.53
082
_a
616.53ROB
100
_a
15
101
_a
PED
245
_a
MANUAL OF CLINICAL PROBLEMS IN PEDIATRICS
_c
ROBERTS .B.K
942
_2
udc
_c
BK
999
_c
60005
_d
60005